ESSENTIALS OF ENTREPRENEURSHIP AND SMALL (Record no. 15159)

MARC details
000 -LEADER
fixed length control field 00395nam a2200145Ia 4500
008 - FIXED-LENGTH DATA ELEMENTS--GENERAL INFORMATION
fixed length control field 240624s9999 xx 000 0 und d
041 ## - LANGUAGE CODE
Language code of text/sound track or separate title eng
082 ## - DEWEY DECIMAL CLASSIFICATION NUMBER
Classification number 658.421 ZIM
100 ## - MAIN ENTRY--PERSONAL NAME
Personal name ZIMMERER THOMAS W
245 ## - TITLE STATEMENT
Title ESSENTIALS OF ENTREPRENEURSHIP AND SMALL
250 ## - EDITION STATEMENT
Edition statement (5th ed.)
260 ## - PUBLICATION, DISTRIBUTION, ETC.
Date of publication, distribution, etc. 2009
Place of publication, distribution, etc. New Delhi
Name of publisher, distributor, etc. Prentice-Hall of India
300 ## - PHYSICAL DESCRIPTION
Extent xvi, : 728 : p. : cm. ; 28
365 ## - TRADE PRICE
Currency code RS
Price amount 30
Holdings
Withdrawn status Lost status Damaged status Not for loan Home library Current library Shelving location Date acquired Source of acquisition Cost, normal purchase price Full call number Barcode Date last seen Copy number Price effective from Koha item type
        IMTN IMTN Rack 32-A 05/18/2010 BWE 495.00 658.421 ZIM 15159 06/24/2024 1 06/24/2024 Books
Designed & Maintained by: LRC IMT Nagpur Contact: lrc@imtnag.ac.in© 2024. All Rights Reserved.